000 00245nam a2200109Ia 4500
008 190216s9999||||xx |||||||||||||| ||und||
100 _aRamabai Ranade
245 0 _aHindi-Ranade
260 _bCambridge Uty Press
650 _aHindi
942 _cBK
999 _c15303
_d15303